000 02217nam a2200397 c 4500
003 BLK
005 20250627105946.0
008 180408b bul|||||r ||||||| ||bul||
020 _a9789549994674
040 _aBLK
041 _aBUL
_cBUL
080 _aРазпространяване на научните знания - популяризиране на науката, занимателна наука, учение за явленията научно необяснени, заблуждения и фалшификации, илюзии и др. п., секретност на научните знания
_b001.9
_x(02.062)
_z001.9(02.062)
080 _aИндивидуална психология. Психология на личността. Индивидуалност. Психология на характера. Характерология. Психологическа типология
_b159.923
_x(02.062)
_z159.923(02.062)
084 _aХ 40
100 1 _aХелсинг, Ян ван
_9136727
245 1 0 _aНе пипай тази книга!
_cЯн ван Хелсинг; прев. Светослав К. Коев; * Ян Удо Холей.
257 _aDEU
260 _aСофия
_bДилок
_c2007
300 _a357 с.
_bс ил.
_c22 см
380 _a0
500 _aОриг. загл. Hande weg von diesem Buch! / Jan van Helsing. - Истинското име на авт. е Ян Удо Холей. - Офс. изд. - Библиогр. с. 351-353.
650 4 _aНеразгадани мистерии
_9164181
650 4 _aЛичност - психология
_9243160
653 _aмистерии
653 _aхипотези
653 _aпсихология на личността
700 1 _aКоев, Светослав К.
_eпрев.
_9297469
700 1 _aХолей, Ян Удо
_e*
_9297470
852 _aЦб 237421
_bЦб
852 _bП
_c001.9/Х 40 Я
942 _cKNG
_n0
_053
944 _aCR
_c07.12.2007
_lЦветелина Шанова
_k30531
944 _aED
_c25.05.2015
_lф /
_kЛюдмила_Стоянова
944 _aED
_c2025-06-02
_kМ.Я.
999 _c75541
_d75541